| 000 | 00356nam a22001337a 4500 | ||
|---|---|---|---|
| 082 |
_a519.5 _bREI |
||
| 100 |
_aReichmann, W.J, _939472 |
||
| 245 |
_aUse and abuse of statistics _cReichmann, W.J |
||
| 260 |
_aPelicans _c1957-67 |
||
| 300 |
_a345p. : _bill. ; _c10 cm. |
||
| 526 |
_a0 _b0 _c0 _d519_500000000000000_REI |
||
| 650 |
_aMCE _9379 |
||
| 942 |
_2ddc _cBK |
||
| 999 |
_c543959 _d543959 |
||